Khảo sát khả năng phân tích của ba loại cột: Octyl, Phenyl, Ods cho sắc ký lỏng hiệu năng cao thông qua chất kháng sinh Chloramphenicol : Luận văn thạc sĩ hoá học chuyên ngành hóa lý thuyết và hóa lý

Sắc ký, phân loại sắc ký, tổng quan về Chloramphenicol, nguyên liệu và phương pháp nghiên cứu,...

Spremljeno u:
Bibliografski detalji
Glavni autor: Nguyễn, Thế Quang
Format: Knjiga
Jezik:Undetermined
Izdano: Cần Thơ Trường Đại học Cần Thơ 2012
Teme:
Oznake: Dodaj oznaku
Bez oznaka, Budi prvi tko označuje ovaj zapis!
Thư viện lưu trữ: Trung tâm Học liệu Trường Đại học Cần Thơ
LEADER 01056nam a2200217Ia 4500
001 CTU_177766
008 210402s9999 xx 000 0 und d
082 |a 543.0894 
082 |b Qu106 
088 |a 60440119 
100 |a Nguyễn, Thế Quang 
245 0 |a Khảo sát khả năng phân tích của ba loại cột: Octyl, Phenyl, Ods cho sắc ký lỏng hiệu năng cao thông qua chất kháng sinh Chloramphenicol : 
245 0 |b Luận văn thạc sĩ hoá học chuyên ngành hóa lý thuyết và hóa lý 
245 0 |c Nguyễn Thế Quang ; Trần Kim Tính (hướng dẫn khoa học) 
260 |a Cần Thơ 
260 |b Trường Đại học Cần Thơ 
260 |c 2012 
520 |a Sắc ký, phân loại sắc ký, tổng quan về Chloramphenicol, nguyên liệu và phương pháp nghiên cứu,... 
650 |a Chemistry, analytic,Hóa học phân tích 
904 |i Trang,Hải 
980 |a Trung tâm Học liệu Trường Đại học Cần Thơ